Statistics for Closest countries to Washington, D.C.

Click here to take the quiz!

General Stats

  • This quiz has been taken 39 times
  • The average score is 17 of 20

Answer Stats

Miles Answer % Correct
1,344Mexico
100%
292Canada
100%
1,115Cuba
95%
0United States
92%
832Bahamas
92%
1,340Haiti
92%
1,647Guatemala
89%
1,868Dominica
89%
1,661Honduras
89%
1,420Jamaica
89%
1,362Dominican Republic
87%
1,579Belize
82%
1,847El Salvador
79%
1,705Nicaragua
76%
1,691St. Kitts and Nevis
74%
1,990Costa Rica
74%
1,729Antigua and Barbuda
68%
1,979St. Lucia
66%
1,872Colombia
58%
1,927Venezuela
58%

Score Distribution

Percentile by Number Answered

Percent of People with Each Score

Your Score History

You have not taken this quiz